Semiconductor Devices, Circuits, and Systems (Record no. 9484)

MARC details
000 -LEADER
fixed length control field 01305pam a2200313 a 4500
001 - CONTROL NUMBER
control field 3415341
003 - CONTROL NUMBER IDENTIFIER
control field OSt
005 - DATE AND TIME OF LATEST TRANSACTION
control field 20250925160859.0
008 - FIXED-LENGTH DATA ELEMENTS--GENERAL INFORMATION
fixed length control field 901126s1991 enka 001 0 eng
010 ## - LIBRARY OF CONGRESS CONTROL NUMBER
LC control number 90025666
020 ## - INTERNATIONAL STANDARD BOOK NUMBER
International Standard Book Number 0198593740 (hard) :
Terms of availability £45.00 (est.) ($67.50 U.S.)
040 ## - CATALOGING SOURCE
Original cataloging agency DLC
Transcribing agency must
Modifying agency DLC
050 00 - LIBRARY OF CONGRESS CALL NUMBER
Classification number TK7871.85
Item number .M5754 1991
082 00 - DEWEY DECIMAL CLASSIFICATION NUMBER
Classification number 621.381 ALB 1991
Edition number 20
100 1# - MAIN ENTRY--PERSONAL NAME
Personal name Möschwitzer, Albrecht.
9 (RLIN) 19338
245 10 - TITLE STATEMENT
Title Semiconductor Devices, Circuits, and Systems
260 ## - PUBLICATION, DISTRIBUTION, ETC. (IMPRINT)
Place of publication, distribution, etc. Oxford [England] ;
-- New York :
Name of publisher, distributor, etc. Clarendon Press ;
Place of publication, distribution, etc. New York :
Name of publisher, distributor, etc. Oxford University Press,
Date of publication, distribution, etc. 1991.
300 ## - PHYSICAL DESCRIPTION
Extent xvi, 352 p. :
Other physical details ill. ;
Dimensions 25 cm.
440 #0 - SERIES STATEMENT/ADDED ENTRY--TITLE
Title Oxford science publications
440 #0 - SERIES STATEMENT/ADDED ENTRY--TITLE
Title Monographs in electrical and electronic engineering ;
Volume/sequential designation 24
9 (RLIN) 19339
504 ## - BIBLIOGRAPHY, ETC. NOTE
Bibliography, etc Includes bibliographical references, & index.
650 #0 - SUBJECT ADDED ENTRY--TOPICAL TERM
Topical term or geographic name as entry element Semiconductors.
9 (RLIN) 13406
650 #0 - SUBJECT ADDED ENTRY--TOPICAL TERM
Topical term or geographic name as entry element Circuits
9 (RLIN) 19340
856 42 - ELECTRONIC LOCATION AND ACCESS
Materials specified Publisher description
Uniform Resource Identifier <a href="http://www.loc.gov/catdir/enhancements/fy0640/90025666-d.html">http://www.loc.gov/catdir/enhancements/fy0640/90025666-d.html</a>
856 41 - ELECTRONIC LOCATION AND ACCESS
Materials specified Table of contents only
Uniform Resource Identifier <a href="http://www.loc.gov/catdir/enhancements/fy0640/90025666-t.html">http://www.loc.gov/catdir/enhancements/fy0640/90025666-t.html</a>
906 ## - LOCAL DATA ELEMENT F, LDF (RLIN)
a 7
b cbc
c orignew
d 1
e ocip
f 19
g y-gencatlg
942 ## - ADDED ENTRY ELEMENTS (KOHA)
Source of classification or shelving scheme Dewey Decimal Classification
Koha item type Book Bank
Holdings
Withdrawn status Lost status Source of classification or shelving scheme Damaged status Not for loan Home library Current library Date acquired Source of acquisition Inventory number Total Checkouts Full call number Barcode Date last seen Price effective from Koha item type
    Dewey Decimal Classification     MUST Main Library MUST Main Library 26/11/2024 donation 97/10870   621.381/52 2024-22574 26/11/2024 26/11/2024 Book Bank